| 000 | 02026nam a2200373 a 4500 | ||
|---|---|---|---|
| 003 | Mxchpua | ||
| 005 | 20250731124313.0 | ||
| 007 | ta | ||
| 008 | 250123s2024 mx abdofs|||| 001 0 spa d | ||
| 040 | _amxchpua | ||
| 090 |
_aT.C.952 _bL36 SAI _c2024 |
||
| 245 | 1 |
_aSistema producto : _bcerveza en los estados de Coahuila, Zacatecas y Aguascalientes / _ccoordinadores Patricia Landa Salgado y Víctor Rivera Salvador ; colaboradores Tzel Alit Altamirano Molina...[y otros] |
|
| 260 |
_aChapingo, México : _bEl autor, _c2024 |
||
| 300 |
_a1 recurso en linea (129 páginas) : _bilustraciones, mapas, gráficas, diagramas, tablas, fotos |
||
| 336 |
_2rdacontent _aTexto _btxt |
||
| 337 |
_2rdamedia _acomputadora _bc |
||
| 338 |
_2rdacarrier _arecurso en línea _bcr |
||
| 500 | _aGrado 6° ; Grupo 4 | ||
| 502 |
_aViaje de Estudios _b(SAI) -- _cUACh. Departamento de Ingeniería Agroindustrial, _d2024 |
||
| 504 | _aBibliografía: páginas 125-129 | ||
| 505 | 0 |
_aVisitas: _t1. Desert Brew Co. -- 2. Casa Madero -- 3. Viñedos RGMX -- 4. FIRA -- 5. URUZA -- 6. Asociación de Cebada -- 7. Cervecería Piedra Negra -- 8. SADER -- 9. Cervecería Vetagrande -- 10. Grupo Modelo -- 11. Vinícolas “El aguaje” -- 12. Bodegas Origen -- 13. Viñedo “Tierra Tinta” -- 14. Cervecería Agata |
|
| 650 | 1 | 3 |
_aIndustria cervecera _zMéxico _zCoahuila _9189882 |
| 650 | 1 | 3 |
_aIndustria cervecera _zMéxico _zZacatecas _9189883 |
| 650 | 1 | 3 |
_aIndustria cervecera _zMéxico _zAguascalientes _9189884 |
| 650 | 1 | 3 |
_aElaboración de cerveza _9154862 |
| 650 | 1 | 3 |
_aBrewing industry _zMexico _zCoahuila _9189885 |
| 650 | 1 | 3 |
_aBrewing industry _zMexico _zZacatecas _9189886 |
| 650 | 1 | 3 |
_aBrewing industry _zMexico _zAguascalientes _9189887 |
| 650 | 1 | 3 |
_aBrewing _9154861 |
| 700 | 1 |
_aLanda Salgado, Patricia _9148104 _ecoordinadora |
|
| 700 | 1 |
_aRivera Salvador, Víctor _9152488 _ecoordinador |
|
| 700 | 1 |
_aAltamirano Molina, Tzel Alit _ecolaboradora _9189881 |
|
| 856 | 4 | 0 |
_uhttp://10.13.5.2/ve/TC952_SAI/TC952_SAI_2024-REPORTE.pdf _yDESCARGAR REPORTE |
| 999 |
_c220366 _d220366 |
||